000 00842nam a2200205 i 4500
001 157223
003 ES-MaACL
005 20250719062543.0
008 960520m18951896sp |||| | spa d
100 1 _aLastres y Juiz, Francisco,
_d1848-1918
_970504
245 1 0 _aProcedimientos civiles, criminales, canónicos y contencioso-administrativos
_b: según las leyes y demás disposiciones vigentes ; seguidos de un Manual de formularios /
_cpor Francisco Lastres.
250 _a10ª ed. corr. y aum.
260 _aMadrid :
_bLibrería de Victoriano Suarez,
_c1895-1896 (
_fImp. de los Hijos de M.G. Hernandez)
300 _a2 v. (532; 506 p.) ;
_c23 cm.
510 4 _aPalau,132742
597 _aAntep.
650 0 4 _aDerecho procesal-
_zEspaña.
_911762
852 _aES-MaACL
_jG-13701-02
_z- Enc. hol.
999 _c157223
_d157223